<?xml version="1.0" encoding="UTF-8"?>
<collection xmlns:xsi="http://www.w3.org/2001/XMLSchema-instance" xsi:schemaLocation="http://www.loc.gov/MARC21/slim http://www.loc.gov/standards/marcxml/schema/MARC21slim.xsd" xmlns="http://www.loc.gov/MARC21/slim">
 <record>
  <leader>00000nam a2200000 i 4500</leader>
  <controlfield tag="001">UP-1685954869149632418</controlfield>
  <controlfield tag="003">Buklod</controlfield>
  <controlfield tag="005">20240219155603.0</controlfield>
  <controlfield tag="006">m     |  | |      </controlfield>
  <controlfield tag="007">ta</controlfield>
  <controlfield tag="008">240219s2020    nyu   a r    |001 0deng c</controlfield>
  <datafield tag="020" ind1=" " ind2=" ">
   <subfield code="a">9780815352228 (pbk)</subfield>
  </datafield>
  <datafield tag="035" ind1=" " ind2=" ">
   <subfield code="a">21011681</subfield>
  </datafield>
  <datafield tag="037" ind1=" " ind2=" ">
   <subfield code="a">BC-74532</subfield>
   <subfield code="b">SERV Enterprises</subfield>
   <subfield code="c">PhP 3,593.00</subfield>
   <subfield code="n">Department of Language, Literature, and the Arts</subfield>
  </datafield>
  <datafield tag="040" ind1=" " ind2=" ">
   <subfield code="a">DLC</subfield>
   <subfield code="d">BAG</subfield>
   <subfield code="e">rda</subfield>
  </datafield>
  <datafield tag="041" ind1="0" ind2=" ">
   <subfield code="a">eng</subfield>
  </datafield>
  <datafield tag="090" ind1=" " ind2="0">
   <subfield code="a">PN 2096 A1</subfield>
   <subfield code="b">T44 2020 </subfield>
  </datafield>
  <datafield tag="245" ind1="0" ind2="0">
   <subfield code="a">Theatre artisans and their craft</subfield>
   <subfield code="b">the allied arts fields</subfield>
   <subfield code="c">edited by Rafael Jaen, Holly Poe Durbin, and Christin Essin.</subfield>
  </datafield>
  <datafield tag="264" ind1=" " ind2="1">
   <subfield code="a">New York, NY</subfield>
   <subfield code="b">Routledge,  an imprint of the Taylor &amp; Francis Group</subfield>
   <subfield code="c">2020.</subfield>
  </datafield>
  <datafield tag="300" ind1=" " ind2=" ">
   <subfield code="a">xi, 184 pages</subfield>
   <subfield code="b">illustrations (chiefly color)</subfield>
   <subfield code="c">28 cm</subfield>
  </datafield>
  <datafield tag="336" ind1=" " ind2=" ">
   <subfield code="a">text</subfield>
   <subfield code="2">rdacontent</subfield>
  </datafield>
  <datafield tag="337" ind1=" " ind2=" ">
   <subfield code="a">unmediated</subfield>
   <subfield code="2">rdamedia</subfield>
  </datafield>
  <datafield tag="338" ind1=" " ind2=" ">
   <subfield code="a">volume</subfield>
   <subfield code="2">rdacarrier</subfield>
  </datafield>
  <datafield tag="490" ind1="0" ind2=" ">
   <subfield code="a">Backstage</subfield>
  </datafield>
  <datafield tag="500" ind1=" " ind2=" ">
   <subfield code="a">&quot;A Focal Press book&quot;--Cover.</subfield>
  </datafield>
  <datafield tag="500" ind1=" " ind2=" ">
   <subfield code="a">Includes index.</subfield>
  </datafield>
  <datafield tag="500" ind1=" " ind2=" ">
   <subfield code="a">Jointly published with USITT.</subfield>
  </datafield>
  <datafield tag="505" ind1="0" ind2=" ">
   <subfield code="a">Cherelle Guyton, majestic and dual brained / Amber Voner -- Anything but a straight line, Peter S. Miller / Anthony Phelps -- Judy Adamson, costume draper and mentor / Ashley Bellet -- Margaret Peot, costume painter / Christin Essin -- Making Shakespeare in Montana : scenic artist Tom Watson / Courtney Smith -- Distilling an art, she created a legacy : an interview with Deborah Dryden / Erin Carignan -- Keeping an open mind : an interview with Daniel Weger / Jeannie Galioto -- Prop master Jay Duckworth : a star amongst us / Jessica Hansen -- The non-traditional journey : an interview with Samuel Lee / Leah Ramillano -- Just dive in : an interview with Paul Huntley / Leslie Stamoolis -- Arnold S. Levine, milliner / Martha A. Marking -- Stanley Allan Sherman : carving his own path / Michael Vincent -- Denise Wallace-Spriggs : a fourth-generation craft artisan / Rachel Pollock -- Know the value of your ideas : an interview with Michael Curry / Skye Strauss.</subfield>
  </datafield>
  <datafield tag="520" ind1=" " ind2=" ">
   <subfield code="a">&quot;Theatre Artisans and Their Craft: The Allied Arts Fields profiles fourteen remarkable artists and technicians who elevate theatre production to new dimensions, explore new materials and technologies, and introduce new safety standards and solutions. Readers will learn how the featured artists delved into entrepreneurial ventures and created their own work for themselves; researching, studying, and experimenting, seeking answers when none were available. The book explores how to make an impact in the entertainment industry from behind the scenes, and how students can model themselves after these successful professionals to jump-start their career in theatre production. Aimed at theatre and film practitioners in the allied arts fields, Theatre Artisans and Their Craft offers a collection of success stories that are both inspiring and informative&quot;--Provided by publisher.</subfield>
  </datafield>
  <datafield tag="650" ind1=" " ind2="0">
   <subfield code="a">Set designers</subfield>
   <subfield code="z">United States</subfield>
   <subfield code="v">Interviews.</subfield>
  </datafield>
  <datafield tag="650" ind1=" " ind2="0">
   <subfield code="a">Theaters</subfield>
   <subfield code="x">Stage-setting and scenery.</subfield>
  </datafield>
  <datafield tag="700" ind1="1" ind2=" ">
   <subfield code="a">Jaen, Rafael</subfield>
   <subfield code="e">editor.</subfield>
  </datafield>
  <datafield tag="700" ind1="1" ind2=" ">
   <subfield code="a">Durbin, Holly Poe</subfield>
   <subfield code="d">1957- </subfield>
   <subfield code="e">editor.</subfield>
  </datafield>
  <datafield tag="700" ind1="1" ind2=" ">
   <subfield code="a">Essin, Christin</subfield>
   <subfield code="e">editor.</subfield>
  </datafield>
  <datafield tag="710" ind1="2" ind2=" ">
   <subfield code="a">United States Institute for Theatre Technology (USITT)</subfield>
   <subfield code="e">publisher.</subfield>
  </datafield>
  <datafield tag="905" ind1=" " ind2=" ">
   <subfield code="a">FO</subfield>
  </datafield>
  <datafield tag="852" ind1="0" ind2=" ">
   <subfield code="a">UPBAG</subfield>
   <subfield code="b">UPBAG-MAIN</subfield>
   <subfield code="h">PN 2096 A1</subfield>
   <subfield code="i">T44 2020</subfield>
  </datafield>
  <datafield tag="942" ind1=" " ind2=" ">
   <subfield code="a">Book</subfield>
  </datafield>
 </record>
</collection>
